[Event "GER-chT U20 Girls"]
[Site "Osnabrueck"]
[Date "2011.12.27"]
[Round "1.2"]
[White "Lorenz, Nicole"]
[Black "Sturm, Johanna"]
[Result "1-0"]
[WhiteElo "1810"]
[BlackElo "1490"]
[PlyCount "83"]
[EventDate "2011.12.27"]
[EventType "team-swiss"]
[EventRounds "7"]
[EventCountry "GER"]
[SourceTitle "CBM 146 Extra"]
[Source "ChessBase"]
[SourceDate "2012.02.29"]
[SourceVersion "1"]
[SourceVersionDate "2012.02.29"]
[SourceQuality "1"]
[WhiteTeam "Chemnitz USG (W)"]
[BlackTeam "Fritzdorf (W)"]
[WhiteTeamCountry "GER"]
[BlackTeamCountry "GER"]

1. e4 e5 2. Bc4 Bc5 3. Nf3 d6 4. 0-0 Nf6 5. d3 0-0 6. Bb3 Be6 7. c3 Bb6 8. Bc2 Nbd7 9. Nbd2 Nh5 10. Nc4 Qf6 11. Nfxe5 Nxe5 12. Nxe5 Qxe5 13. d4 Qf6 14. Qxh5 Qe7 15. Bg5 Qd7 16. h3 f6 17. Be3 Bf7 18. Qh4 Rae8 19. e5 Bg6 20. Bb3+ Bf7 21. exf6 Bxb3 22. fxg7 Rf7 23. axb3 Rxg7 24. Kh1 Kh8 25. Bg5 Qc6 26. f3 Kg8 27. Rae1 Qb5 28. Rxe8+ Qxe8 29. Bh6 Re7 30. Qg5+ Kh8 31. Qf6+ Kg8 32. Kh2 Qf7 33. Qxf7+ Rxf7 34. Re1 Rf6 35. Re8+ Kf7 36. Rf8+ Kg6 37. Rxf6+ Kxf6 38. Kg3 c6 39. Be3 d5 40. f4 Kf5 41. Kf3 h5 42. g4+ 1-0

[Event "GER-ch U18 Girls"]
[Site "Oberhof"]
[Date "2011.06.18"]
[Round "9"]
[White "Sturm, Johanna"]
[Black "Carow, Annelen"]
[Result "0-1"]
[WhiteElo "1606"]
[BlackElo "1860"]
[PlyCount "54"]
[EventDate "2011.06.11"]
[EventType "swiss"]
[EventRounds "9"]
[EventCountry "GER"]
[SourceTitle "CBM 142 Extra"]
[Source "ChessBase"]
[SourceDate "2011.06.27"]
[SourceVersion "1"]
[SourceVersionDate "2011.06.27"]
[SourceQuality "1"]

1. e4 d5 2. exd5 Qxd5 3. Nc3 Qd6 4. Nf3 Nf6 5. Be2 Nc6 6. d3 Bf5 7. a3 e5 8. Be3 a6 9. Qd2 Nd4 10. h3 Be7 11. Bg5 Bg6 12. Bxf6 gxf6 13. Nxd4 Qxd4 14. Qe3 0-0-0 15. Qxd4 Rxd4 16. 0-0-0 f5 17. Bf3 Rhd8 18. Rhe1 Bf6 19. g3 c5 20. Bg2 c4 21. dxc4 Bg5+ 22. Kb1 Bd2 23. Ne2 Bxe1 24. Rxe1 Rd1+ 25. Rxd1 Rxd1+ 26. Nc1 e4 27. f4 Rg1 0-1

[Event "GER-ch U18 Girls"]
[Site "Oberhof"]
[Date "2011.06.12"]
[Round "1"]
[White "Bluebaum, Johanna"]
[Black "Sturm, Johanna"]
[Result "1-0"]
[WhiteElo "1998"]
[BlackElo "1606"]
[PlyCount "63"]
[EventDate "2011.06.11"]
[EventType "swiss"]
[EventRounds "9"]
[EventCountry "GER"]
[SourceTitle "CBM 142 Extra"]
[Source "ChessBase"]
[SourceDate "2011.06.27"]
[SourceVersion "1"]
[SourceVersionDate "2011.06.27"]
[SourceQuality "1"]

1. d4 Nf6 2. c4 g6 3. Nc3 Bg7 4. e4 d6 5. Nf3 0-0 6. Be2 e6 7. 0-0 Nc6 8. Re1 Ne7 9. h3 Nd7 10. d5 e5 11. Be3 f5 12. Ng5 Nf6 13. f3 f4 14. Bf2 h6 15. Ne6 Bxe6 16. dxe6 c6 17. Qd2 d5 18. exd5 cxd5 19. cxd5 Nfxd5 20. Nxd5 Qxd5 21. Qb4 Qd8 22. Rad1 Qc7 23. Rd7 Nc6 24. Qxf8+ Bxf8 25. Rxc7 Rb8 26. Bc4 Kh8 27. Rd1 a6 28. Rdd7 g5 29. Rh7+ Kg8 30. e7+ Kxh7 31. exf8Q+ Kg6 32. Qf7# 1-0

[Event "GER-chT U14 Girls"]
[Site "Dittrichshuette"]
[Date "2008.12.27"]
[Round "2.2"]
[White "Fischer, Franziska"]
[Black "Sturm, Johanna"]
[Result "1-0"]
[WhiteElo "1363"]
[BlackElo "1317"]
[PlyCount "111"]
[EventDate "2008.12.27"]
[EventType "team-swiss"]
[EventRounds "7"]
[EventCountry "GER"]
[SourceTitle "EXT 2010"]
[Source "ChessBase"]
[SourceDate "2010.11.25"]
[SourceVersion "1"]
[SourceVersionDate "2010.11.25"]
[SourceQuality "1"]
[WhiteTeam "Chemnitz Aufbau"]
[BlackTeam "Fritzdorf"]
[WhiteTeamCountry "GER"]
[BlackTeamCountry "GER"]

1. d4 Nf6 2. c4 g6 3. Nc3 Bg7 4. Nf3 d6 5. Bg5 Nbd7 6. e3 b6 7. Be2 0-0 8. 0-0 Bb7 9. b4 c5 10. a3 a6 11. Qb3 Re8 12. Rfd1 Qc7 13. a4 e6 14. a5 d5 15. Bxf6 dxc4 16. Bxc4 Bxf6 17. axb6 Qxb6 18. bxc5 Qxb3 19. Bxb3 Nxc5 20. dxc5 Bxc3 21. Rac1 Bxf3 22. gxf3 Bb4 23. c6 Rac8 24. c7 Ba5 25. Rd7 Kg7 26. Bd1 Kf6 27. e4 e5 28. Rc6+ Kg7 29. Bb3 Rf8 30. Bc4 Ra8 31. Bxa6 Ra7 32. c8Q Rxc8 33. Bxc8 Rxd7 34. Bxd7 f6 35. Kg2 g5 36. Kg3 h5 37. h4 gxh4+ 38. Kxh4 Be1 39. Kxh5 Bxf2 40. Kg4 Kg6 41. Be8+ Kg7 42. Kf5 Bh4 43. Rc7+ Kf8 44. Bh5 Kg8 45. Rf7 Bg5 46. Rxf6 Bxf6 47. Kxf6 Kf8 48. Kxe5 Ke7 49. f4 Kf8 50. Kf6 Kg8 51. e5 Kf8 52. e6 Kg8 53. e7 Kh8 54. e8Q+ Kh7 55. Bg6+ Kh6 56. Qh8# 1-0

[Event "NRW-ch U14 Girls"]
[Site "Kranenburg"]
[Date "2008.03.26"]
[Round "4"]
[White "Groemping, Carolin"]
[Black "Sturm, Johanna"]
[Result "1-0"]
[WhiteElo "1168"]
[BlackElo "1092"]
[PlyCount "75"]
[EventDate "2008.03.24"]
[EventType "swiss"]
[EventRounds "7"]
[EventCountry "GER"]
[SourceTitle "EXT 2009"]
[Source "ChessBase"]
[SourceDate "2008.11.26"]
[SourceVersion "1"]
[SourceVersionDate "2008.11.26"]
[SourceQuality "1"]

1. e4 e5 2. Nf3 Nc6 3. Bc4 Bc5 4. d3 h6 5. Nc3 d6 6. h3 Nf6 7. 0-0 Be6 8. Bb3 0-0 9. Be3 Bd4 10. Bxd4 Nxd4 11. Nxd4 exd4 12. Ne2 c5 13. Nf4 Qe7 14. Bxe6 fxe6 15. Ng6 Qf7 16. Nxf8 Rxf8 17. Qf3 Qg6 18. Qg3 Qh5 19. Qxd6 Kh8 20. Qxe6 Qf7 21. Qxf7 Rxf7 22. a3 Nh5 23. g3 b5 24. Kg2 Rf6 25. Rae1 Rg6 26. Kh2 a5 27. e5 Re6 28. f4 g6 29. g4 Ng7 30. f5 gxf5 31. gxf5 Re8 32. e6 a4 33. Re5 b4 34. Rxc5 bxa3 35. bxa3 Kh7 36. Rc7 Kh8 37. e7 Ne6 38. fxe6 1-0

[Event "GER-chT U14 Girls"]
[Site "Stuttgart"]
[Date "2007.12.27"]
[Round "2.2"]
[White "Sturm, Johanna"]
[Black "Nguyen Minh, Thuy"]
[Result "0-1"]
[WhiteElo "1144"]
[BlackElo "1733"]
[PlyCount "94"]
[EventDate "2007.12.27"]
[EventType "team-swiss"]
[EventRounds "7"]
[EventCountry "GER"]
[SourceTitle "EXT 2009"]
[Source "ChessBase"]
[SourceDate "2008.11.26"]
[SourceVersion "1"]
[SourceVersionDate "2008.11.26"]
[SourceQuality "1"]
[WhiteTeam "Fritzdorf Gruen Weiss U14 Girls"]
[BlackTeam "Chemnitz USG U14 Girls"]
[WhiteTeamCountry "GER"]
[BlackTeamCountry "GER"]

1. e4 c5 2. Nf3 d6 3. Bc4 e6 4. Nc3 a6 5. d3 Be7 6. Be3 b5 7. Bb3 Bb7 8. a3 Nf6 9. Ne2 Qc7 10. Ng3 0-0 11. Qd2 Nbd7 12. 0-0 Rac8 13. Bg5 Rfe8 14. c3 c4 15. dxc4 bxc4 16. Ba4 Nxe4 17. Nxe4 Bxe4 18. Bxe7 Rxe7 19. Ng5 Bg6 20. Bc2 Bxc2 21. Qxc2 g6 22. Rad1 d5 23. Qe2 Qe5 24. Qxe5 Nxe5 25. Rfe1 Nd3 26. Re2 Rb8 27. Rb1 Reb7 28. Nf3 Rxb2 29. Rexb2 Rxb2 30. Rxb2 Nxb2 31. Nd4 Na4 32. Ne2 Kg7 33. g3 Kf6 34. Kg2 e5 35. f3 Ke6 36. h4 Kd6 37. Kf2 Kc5 38. Ke3 Nxc3 39. Nxc3 d4+ 40. Kd2 dxc3+ 41. Kxc3 f5 42. a4 a5 43. g4 fxg4 44. fxg4 e4 45. Kd2 Kb4 46. Ke3 c3 47. Ke2 Kxa4 0-1

[Event "NRW-ch U14 Girls"]
[Site "Kranenburg"]
[Date "2007.04.10"]
[Round "3"]
[White "Sturm, Johanna"]
[Black "Schrader, Elanor"]
[Result "0-1"]
[WhiteElo "1090"]
[BlackElo "1083"]
[PlyCount "102"]
[EventDate "2007.04.09"]
[EventType "swiss"]
[EventRounds "7"]
[EventCountry "GER"]
[SourceTitle "EXT 2008"]
[Source "ChessBase"]
[SourceDate "2007.11.25"]
[SourceVersion "1"]
[SourceVersionDate "2007.11.25"]
[SourceQuality "1"]

1. e4 c6 2. Nf3 d5 3. d3 dxe4 4. dxe4 Qxd1+ 5. Kxd1 Bg4 6. Be2 Nd7 7. Nh4 Bxe2+ 8. Kxe2 e5 9. Re1 Ngf6 10. Kf1 Bc5 11. Kg1 0-0 12. Nc3 Bb4 13. Bd2 Rad8 14. a3 Ba5 15. b4 Bb6 16. Na4 Bc7 17. Rad1 Nb6 18. Nxb6 Bxb6 19. h3 h6 20. c4 c5 21. b5 Rd4 22. Bc3 Rxc4 23. Bxe5 Nxe4 24. Rd7 Re8 25. Nf3 Nf6 26. Rxb7 Ba5 27. Re3 Rc1+ 28. Kh2 Nd5 29. Rd3 Nf6 30. Bxf6 gxf6 31. Rxa7 Bb6 32. Rb7 c4 33. Rd6 Bxf2 34. Rxf6 Rd8 35. Rfxf7 Rdd1 36. g4 Rc2 37. Ng1 Bh4+ 38. Kh1 Bg3 39. Rg7+ Kf8 40. Rgf7+ Ke8 41. Rfe7+ Kd8 42. Red7+ Rxd7 43. Rxd7+ Kxd7 44. Nf3 Rb2 45. Nd4 c3 46. a4 Bc7 47. h4 c2 48. Nxc2 Rxc2 49. g5 hxg5 50. hxg5 Ke7 51. g6 Kf8 0-1

[Event "GER-chT U14 Girls"]
[Site "Burg Stargard"]
[Date "2006.12.29"]
[Round "6.1"]
[White "Krtschil, Anna"]
[Black "Sturm, Johanna"]
[Result "1/2-1/2"]
[WhiteElo "1357"]
[BlackElo "1073"]
[PlyCount "108"]
[EventDate "2006.12.27"]
[EventType "team-swiss"]
[EventRounds "7"]
[EventCountry "GER"]
[SourceTitle "EXT 2008"]
[Source "ChessBase"]
[SourceDate "2007.11.25"]
[SourceVersion "1"]
[SourceVersionDate "2007.11.25"]
[SourceQuality "1"]
[WhiteTeam "Waltershausen U14 Girls"]
[BlackTeam "Fritzdorf Gruen Weiss U14 Girls"]
[WhiteTeamCountry "GER"]
[BlackTeamCountry "GER"]

1. e4 e5 2. Nf3 Nc6 3. Bc4 Bc5 4. c3 Nf6 5. d4 exd4 6. cxd4 Bb4+ 7. Nc3 Nxe4 8. 0-0 Nxc3 9. bxc3 Be7 10. Re1 0-0 11. Qd2 h6 12. Qf4 d5 13. Bd3 Bd6 14. Qh4 Qxh4 15. Nxh4 Bd7 16. Nf5 Bxf5 17. Bxf5 Rfe8 18. Bd2 Na5 19. Rab1 Nc4 20. Be3 Nxe3 21. fxe3 b6 22. h3 Re7 23. Kf2 c5 24. Bc2 cxd4 25. cxd4 Rf8 26. e4 dxe4 27. Bxe4 g5 28. d5 f5 29. Bd3 Rxe1 30. Rxe1 Kg7 31. Re6 Rf6 32. Re8 h5 33. Rd8 Bc5+ 34. Ke2 a5 35. Rd7+ Kh6 36. Rd8 g4 37. a4 f4 38. hxg4 hxg4 39. Rh8+ Kg5 40. Rg8+ Kh4 41. Be4 Rf8 42. Rxf8 Bxf8 43. Kf2 Bc5+ 44. Ke2 Kg3 45. Kf1 f3 46. gxf3 gxf3 47. Bf5 f2 48. Bd7 Kf3 49. Bc6 Kf4 50. d6 Ke3 51. d7 Be7 52. Bb5 Bd8 53. Bc6 Bc7 54. Bb5 Bd8 1/2-1/2